| 000 -LEADER |
| fixed length control field |
00665nam a22001337a 4500 |
| 008 - FIXED-LENGTH DATA ELEMENTS--GENERAL INFORMATION |
| fixed length control field |
250908b ||||| |||| 00| 0 eng d |
| 100 ## - MAIN ENTRY--PERSONAL NAME |
| Personal name |
Basu, Jayanta Pandey, Kiran and Mishra, Vivek |
| 245 ## - TITLE STATEMENT |
| Title |
A statutory order, not an advisory |
| 260 ## - PUBLICATION, DISTRIBUTION, ETC. (IMPRINT) |
| Place of publication, distribution, etc |
Down to Earth |
| 300 ## - PHYSICAL DESCRIPTION |
| Extent |
34(7), Aug 16-17, 2025: p.16-18 |
| 520 ## - SUMMARY, ETC. |
| Summary, etc |
The international court of justice’s advisory opinion that countries driving climate change are committing a crime against humanity reiterates the principle of common but differentiated responsibility. It is likely to boost litigation related to climate reparations. – Reproduced |
| 773 ## - HOST ITEM ENTRY |
| Main entry heading |
Down to Earth |
| 942 ## - ADDED ENTRY ELEMENTS (KOHA) |
| Item type |
Articles |